Primary angle-closure and angle-closure glaucoma (Record no. 113803)
[ view plain ]
| 000 -LEADER | |
|---|---|
| fixed length control field | 01266nam a2200313Ia 4500 |
| 100 1# - MAIN ENTRY--AUTHOR NAME | |
| Personal name | Kessing, Svend Vedel. |
| 245 10 - TITLE STATEMENT | |
| Title | Primary angle-closure and angle-closure glaucoma |
| 260 ## - PUBLICATION, DISTRIBUTION, ETC. (IMPRINT) | |
| Place of publication | Hague, Netherlands : |
| Name of publisher | Kugler ; |
| Place of publication | Gilsum, NH : |
| Name of publisher | Pathway Book Service, [distributor for US and Canada], |
| Year of publication | c2007. |
| 300 ## - PHYSICAL DESCRIPTION | |
| Number of Pages | viii, 115 p. : |
| Other physical details | ill. |
| 650 #0 - SUBJECT ADDED ENTRY--TOPICAL TERM | |
| Topical Term | Angle-closure glaucoma. |
| Topical Term | Glaucoma. |
| 700 1# - ADDED ENTRY--PERSONAL NAME | |
| Personal name | Thygesen, John. |
| 856 40 - ELECTRONIC LOCATION AND ACCESS | |
| Uniform Resource Identifier | http://site.ebrary.com/lib/rucke/Doc?id=10505609 |
No items available.
